Informační věda a knihovnictví výkladový slovník české terminologie z oblasti informační vědy a knihovnictví
Salvato in:
| Altri autori: | |
|---|---|
| Natura: | Libro |
| Lingua: | ceco |
| Pubblicazione: |
Praha
Vydavatelství VŠCHT
2006
|
| Soggetti: | |
| Tags: |
Nessun Tag, puoi essere il primo ad aggiungerne!!
|
MARC
| LEADER | 00000nam$a2200000$$$4500 | ||
|---|---|---|---|
| 001 | 0041943 | ||
| 005 | 20260316105827.4 | ||
| 020 | |a 80-7080-599-4 | ||
| 041 | 0 | |a cze | |
| 044 | |a CZ | ||
| 245 | 1 | 0 | |a Informační věda a knihovnictví |b výkladový slovník české terminologie z oblasti informační vědy a knihovnictví |c editor: Miroslav Ressler |
| 264 | 1 | |a Praha |b Vydavatelství VŠCHT |c 2006 | |
| 300 | |a 161 s. |e 1 CD-ROM | ||
| 610 | 2 | 0 | |a knihovníctvo |
| 610 | 2 | 0 | |a knihoveda |
| 610 | 2 | 0 | |a terminológia |
| 700 | 1 | |a Ressler, Miroslav | |